Big 12 College Football Teams - Statistics

General Stats
  • This quiz has been taken 11 times
  • The average score is 15 of 16
Answer Stats
School % Correct
Arizona
100%
Arizona State
100%
Iowa State
100%
Kansas
100%
Texas Tech
100%
Baylor
91%
BYU
91%
Cincinnati
91%
Colorado
91%
Kansas State
91%
TCU
91%
Utah
91%
West Virginia
91%
Central Florida
82%
Houston
82%
Oklahoma State
82%
No matching quizzes found
Score Distribution
Percent of People with Each Score
Percentile by Number Answered
Your Score History
You have not taken this quiz